Lecciones de historia patria : (Record no. 34026)

MARC details
000 -CABECERA
campo de control de longitud fija 00575nam a2200181 a 4500
005 - FECHA Y HORA DE LA ÚLTIMA TRANSACCIÓN
campo de control 20240612063924.0
008 - ELEMENTOS DE LONGITUD FIJA--INFORMACIÓN GENERAL
campo de control de longitud fija 991125s1948 mx 000 0 spa u
035 ## - NÚMERO DE CONTROL DEL SISTEMA
Número de control de sistema UPN01000034026
049 ## - COLECCIÓN
Colección LT
050 #4 - SIGNATURA TOPOGRÁFICA DE LA BIBLIOTECA DEL CONGRESO
Número de clasificación LB1582 M6.3
Número de documento/Ítem M6.4 1948
100 1# - ASIENTO PRINCIPAL--NOMBRE PERSONAL
Nombre de persona Mora, Rosa de la
9 (RLIN) 29378
245 10 - MENCIÓN DE TÍTULO
Título Lecciones de historia patria :
Resto del título para 3er. año de instrucción primaria /
Mención de responsabilidad, etc. por Rosa de la Mora
260 ## - PUBLICACIÓN, DISTRIBUCIÓN, ETC.
Lugar de publicación, distribución, etc. México :
Nombre del editor, distribuidor, etc. [s. n.],
Fecha de publicación, distribución, etc. 1948
300 ## - DESCRIPCIÓN FÍSICA
Extensión 159 p. :
Otras características físicas il., algunos co
650 #4 - ASIENTO SECUNDARIO DE MATERIA - TERMINO TEMATICO
Término de materia o nombre geográfico como elemento de entrada Historia
Subdivisión general Estudio y enseñanza (Elemental)
9 (RLIN) 2803
904 ## - ELEMENTOS DE DATOS D LOCAL, LDD (RLIN)
a AC
b 034027
905 ## - TIPO DE MATERIAL
Tipo de material Libro
Holdings
Estado de retiro Estado de pérdida Fuente del sistema de clasificación o colocación Estado dañado No para préstamo Código de colección Localización permanente Ubicación/localización actual Ubicación en estantería Enumeración/cronología de publicación seriada Total de préstamos Clasificación Código de barras Fecha visto por última vez Número de copia Tipo de ítem Koha
    Library of Congress Classification   Coleccion LT Libros de texto Bib. Gregorio Torres Quintero Bib. Gregorio Torres Quintero Libros de Texto -   LB1582 M6.3 M6.4 1948 122007 31/12/2020 1 Libro